| 000 | 00696nam a22002052 4500 | ||
|---|---|---|---|
| 001 | 0000012948 | ||
| 005 | 20151217154415.0 | ||
| 008 | 090513s xx 000 0 eng d | ||
| 020 | _a0131700820 : | ||
| 040 |
_aKABU _cKABU |
||
| 245 | 1 | 0 |
_aApplying counseling theories : _ban online case-based approach / _c[compiled by] Aaron B. Rochlen. |
| 250 | _a1st ed. | ||
| 260 |
_aUpper Saddle River, NJ. : _bPrentice Hall, _c2007. |
||
| 300 | _axix, 279 p. | ||
| 650 | 0 |
_aPsychoanalysis _xCase studies _xComputer-assisted instruction. _@0000169969 |
|
| 700 | 1 |
_aRochlen, Aaron B. _@0000169970 |
|
| 852 | 1 | _9p3555 KES | |
| 908 | _a090513 | ||
| 950 | _@1 | ||
| 999 |
_c11093 _d11093 |
||